Ordenanzas para el govierno de la labor de monedas que se fabricaren en la real casa de moneda de Mexico y demas de las indias en quanto fueren adaptables a esta (Record no. 8285)

MARC details
000 -CABECERA
campo de control de longitud fija 01968nam a2200313 a 4500
001 - NÚMERO DE CONTROL
campo de control BRCA_8625
005 - FECHA Y HORA DE LA ÚLTIMA TRANSACCIÓN
campo de control 20190320210341.0
008 - DATOS DE LONGITUD FIJA--INFORMACIÓN GENERAL
campo de control de longitud fija 210916s1771----mx-#######---#000-0#spa-#
041 ## - CÓDIGO DE LENGUA
Código de lengua del texto/banda sonora o título independiente spa
044 ## - CÓDIGO DEL PAÍS DE LA ENTIDAD EDITORA/PRODUCTORA
Código MARC del país mx
050 #4 - SIGNATURA TOPOGRÁFICA DE LA BIBLIOTECA DEL CONGRESO
Número de clasificación CJ14625
Número de documento/Ítem .O73
-- 1771
245 10 - MENCIÓN DE TÍTULO
Título Ordenanzas para el govierno de la labor de monedas que se fabricaren en la real casa de moneda de Mexico y demas de las indias en quanto fueren adaptables a esta
Resto del título ministros oficiales y operarios que se han de ocupar sueldos que han de gozar encargos y obligaciones de cada uno derechos que se señalan para costear las labores de las monedas ensayes que han de hacerle de ellas y de las barras y piezas de oro y plata con lo demas que ha se observarse.
260 ## - PUBLICACIÓN, DISTRIBUCIÓN, ETC.
Lugar de publicación, distribución, etc. México
Nombre del editor, distribuidor, etc. Imprenta del Br. joseph antonio de hogal
Fecha de publicación, distribución, etc. 1771
300 ## - DESCRIPCIÓN FÍSICA
Extensión 1 vol. (con varias paginaciones)
Dimensiones 28 cm
500 ## - NOTA GENERAL
Nota general Fondo antiguo
500 ## - NOTA GENERAL
Nota general Se encuentra en Caja Fuerte
500 ## - NOTA GENERAL
Nota general W-28
500 ## - NOTA GENERAL
Nota general Con Ex-libris de: Franz Mayer
500 ## - NOTA GENERAL
Nota general Escudo en portada
500 ## - NOTA GENERAL
Nota general Incluye índice de los capítulos que se contienen en estas ordenanzas
500 ## - NOTA GENERAL
Nota general Texto impreso a dos columnas
500 ## - NOTA GENERAL
Nota general Estado físico: se observan manchas en algunas páginas del documento
500 ## - NOTA GENERAL
Nota general Nota de encuadernación: piel sobre cartón, con ornamentos en dorados en las tapas
505 0# - NOTA DE CONTENIDO CON FORMATO
Nota de contenido con formato Contiene: ordenanzas para el manejo y gobierno del apartado general de oro y plata en su nueva planta de cuenta del S. M. presenta al Exmo. señor Virrey de Nueva España Don Martin de Mayorga. El super intendete de la Real Casa de Moneda de México D. Fernando Joseph Mangino, año de 1789.-- Reglamento u ordenanzas de ensayadores formadas en virtud de lo mandado por el Excmo. Señor Don Matías Galvez, año de 1789
506 0# - NOTA DE RESTRICCIONES AL ACCESO
Limitaciones de acceso Fondo reservado: para su consulta es necesario credencial de usuario y carta de motivos
650 14 - PUNTO DE ACCESO ADICIONAL DE MATERIA--TÉRMINO DE MATERIA
Término de materia o nombre geográfico como elemento de entrada Real Casa de Moneda
Término indicativo de función/relación Historia
Subdivisión geográfica México
9 (RLIN) 21540
902 ## - CATALOGADOR
Iniciales LAR
942 ## - ELEMENTOS DE PUNTO DE ACCESO ADICIONAL (KOHA)
Fuente del sistema de clasificación o colocación Library of Congress Classification
Tipo de ítem Koha Libros
Holdings
Estado de retiro Estado de pérdida Estado dañado No para préstamo Localización permanente Ubicación/localización actual Fecha de adquisición Número de inventario Total de préstamos Signatura topográfica completa Código de barras Fecha visto por última vez Precio válido a partir de Tipo de ítem Koha
El ejemplar forma parte de la colección y puede ser consultado según las políticas vigentes.       Biblioteca del Museo Franz Mayer (Rogerio Casas-Alatriste) Biblioteca del Museo Franz Mayer (Rogerio Casas-Alatriste) 21/09/2016 W-28   CJ14625 .O73 1771 (W-28) LAR00128 22/03/2019 22/03/2019 Libros